Report by Director of Meteorology on fourth congress World Meteorological Organisation, Geneva, 1-27 April 1963.

Saved in:
Bibliographic Details
Corporate Author: Australia. Bureau of Meteorology
Format: Book
Language:English
Published: Melbourne, 1963.
Subjects:
LEADER 00902nam a22002291a 4500
001 c000168498
003 CARM
005 19940811000000.0
008 901117s1963 vra 000 0 eng d
019 1 |a 8842348  |5 LACONCORD2021 
035 |a (OCoLC)220984931  |5 LACONCORD2021 
040 |a ANL  |b eng  |c ANL  |d VMOU 
042 |a anuc 
110 1 |a Australia.  |b Bureau of Meteorology. 
245 1 0 |a Report by Director of Meteorology on fourth congress World Meteorological Organisation, Geneva, 1-27 April 1963. 
260 |a Melbourne,  |c 1963. 
300 |a 3 ;  |c 26cm. 
500 |a Processed. 
611 2 0 |a World Meteorological Organization  |n (4th Congress :,  |d 1964 :  |c Geneva) 
852 8 |b CARM  |h A3:AB34C0  |i D06544  |p 0225849  |f BK 
999 f f |i c5b108aa-6004-569d-b5b8-efc311492993  |s 19afb672-f9a9-5e27-965b-45cd4796b5ae 
952 f f |p Can circulate  |a CAVAL  |b CAVAL  |c CAVAL  |d CARM 1 Store  |e D06544  |f A3:AB34C0  |h Other scheme  |i book  |m 0225849